[Event "IM Marmaris Karia IV 2019"]
[Site "Marmaris"]
[Date "2019.01.27"]
[Round "2.5"]
[White "Mammadov, Zaur"]
[Black "Alaz, Ahmet Efekan"]
[Result "1-0"]
[WhiteElo "2448"]
[BlackElo "2218"]
[Annotator "TA"]
[PlyCount "199"]
[EventDate "2019.01.27"]
[EventType "schev"]
[EventCountry "TUR"]
[SourceTitle "playchess.com"]
[Source "ChessBase"]
[SourceQuality "1"]

{[%evp 9,199,83,90,50,51,49,52,52,50,40,62,44,112,69,116,119,116,115,110,109,117,112,121,106,141,101,96,87,84,58,75,41,42,0,17,0,0,0,-4,0,0,-13,-14,-53,-41,-59,-39,-39,-20,-38,-4,-22,0,0,0,0,0,0,0,0,0,0,0,0,33,35,67,66,57,49,53,27,58,51,69,20,30,20,87,87,87,87,175,186,184,175,283,283,296,76,596,596,547,552,495,489,377,169,662,651,637,600,454,83,84,84,87,8,8,8,8,8,8,8,8,8,69,8,8,8,8,8,8,8,8,8,8,8,8,8,8,8,8,8,62,8,8,8,8,8,8,8,8,8,8,8,8,8,54,8,8,8,62,8,57,8,62,8,62,8,8,8,8,8,8,8,8,8,8,8,8,8,8,8,8,8,8,8,8,8,8,8,8,8,8,8,29990,29989,29989,29990,29990,29991]} 1. e4 $146 ({Predecessor:} 1. Nf3 Nc6 {1-0 (50) Bogner,S (2599)-Marzano,C (2146) Bad Wiessee 2014}) 1... Nc6 2. Nf3 f5 3. exf5 d5 4. Bb5 Bxf5 5. O-O Qd6 6. b3 {B00: Queen's Fianchetto Defence, Nimzowitsch Defence} O-O-O 7. Bb2 ({Predecessor:} 7. Ba3 Qf6 8. d4 Bg4 9. Bxc6 Qxc6 10. Nbd2 Nf6 11. Re1 e6 12. Bxf8 Rhxf8 {1-0 (50) Bogner,S (2599)-Marzano,C (2146) Bad Wiessee 2014}) 7... a6 8. Bxc6 {White is slightly better.} Qxc6 9. d3 Nf6 10. Nbd2 Bg4 (10... e6 $14) 11. Re1 e6 12. Ne5 Bxd1 13. Nxc6 bxc6 14. Raxd1 Kd7 15. Nf3 Bd6 16. c4 c5 17. d4 cxd4 18. Bxd4 c6 19. Ng5 Rde8 20. Bb2 Re7 21. Re2 Rhe8 22. h3 e5 23. cxd5 cxd5 24. Nf3 Kc6 25. Rc2+ Kb7 26. g4 {next g5 is good for White.} d4 27. Nd2 Nd5 28. Ne4 Re6 29. Bc1 Be7 (29... Bb4 {feels hotter.} 30. Nc5+ Bxc5 31. Rxc5 Rd6 32. Bd2 h6) 30. Bd2 (30. Rc4 {looks sharper.} Rf8 31. Bg5 h6 32. Bxe7 Rxe7 33. Rdc1) 30... Rc8 31. Rxc8 Kxc8 32. Rc1+ Kd7 33. Nc5+ Bxc5 $1 34. Rxc5 $11 {[%mdl 4096] Endgame KRB-KRN} Ne7 35. f3 Nc6 36. Kf2 e4 37. Rd5+ Kc7 {[#] Hoping for ...e3+.} 38. fxe4 Rxe4 39. Kf3 Re7 40. b4 Kb6 41. a4 Re6 42. g5 g6 43. h4 Kc7 (43... Re7 $11) 44. b5 $16 axb5 45. axb5 Ne7 (45... Na7 $16 {is a better defense.}) 46. Ba5+ $18 ({Much less strong is} 46. Rxd4 $6 Kb6 $14) 46... Kc8 47. Rxd4 Nf5 (47... Re5 {was called for.} 48. Rd8+ Kb7 49. Rd7+ Kc8 50. Rc7+ Kb8) 48. Rd8+ Kb7 49. h5 $2 (49. Rd7+ $18 Ka8 50. Rxh7) 49... Re5 $2 {[%mdl 8192]} (49... h6 $16 {holds on.}) 50. Rd7+ Kc8 51. Rc7+ Kb8 52. Rxh7 {Bc7+ would kill now.} Nd4+ 53. Kg4 (53. Kf4 $142 Rxb5 54. Re7 (54. hxg6 Ne6+ 55. Kf3 Rxg5 $11) (54. Bc7+ Kc8 $16) 54... Rxa5 55. h6 Rf5+ 56. Kg4) 53... Ne6 $2 (53... gxh5+ 54. Rxh5 Re4+ 55. Kh3 Re3+ 56. Kh4 Re4+ 57. Kh3 Re3+ 58. Kh4 Re4+ 59. Kg3 Re5) 54. Bd2 gxh5+ 55. Rxh5 Rxb5 56. Rh8+ $2 (56. g6 $18 Rxh5 57. Kxh5) 56... Kc7 $16 57. g6 Kd7 58. g7 (58. Rh7+ $16 Ke8 59. Ra7) 58... Nxg7 $11 59. Rh7 Rb2 60. Rxg7+ {KRB-KR} Ke6 61. Bf4 Rg2+ 62. Bg3 Ra2 (62... Kd5 $1 $11) 63. Rg6+ (63. Rg5 $1 $14) 63... Kd5 $1 64. Kf5 Ra5 65. Rd6+ Kc4+ 66. Ke4 Ra4 67. Bf2 Kc3+ 68. Bd4+ Kc4 69. Rc6+ Kb5 70. Rc8 Rc4 $1 71. Rh8 Rc7 ({Black should play} 71... Kb4 $11) 72. Rh5+ (72. Kd3 $1 $14) 72... Kc4 73. Rh1 {Intending Rc1+ and mate.} (73. Ba1 {is more complex.} Rd7 74. Be5 Kb3 75. Rh8 Re7 76. Rh2) 73... Re7+ 74. Be5 Rd7 75. Rc1+ Kb4 76. Bd4 Rh7 77. Kd3 Rh3+ 78. Be3 Kb5 79. Rc5+ Kb4 80. Rc6 Rh5 (80... Rg3 $11) 81. Bf2 ({White should try} 81. Bd2+ $14 Kb5 82. Rc2) 81... Rf5 82. Rb6+ Ka5 (82... Rb5 $1 $11) 83. Rb2 (83. Be3 $14) 83... Rb5 ({Better is} 83... Ka4 $1 $11) 84. Ra2+ (84. Re2 $1 $14) 84... Kb4 85. Bd4 Kb3 86. Ra1 Rb4 87. Bc5 {Threatening mate with Rb1+.} (87. Bg1 {is interesting.} Rb5 88. Ke4 Kc2 89. Bd4 Rb4 90. Ra8) 87... Rb5 88. Kd4 Kc2 89. Kc4 Rb1 90. Ra8 Rb7 91. Rh8 Rd7 92. Bb6 Rd6 93. Bd4 {Rh2+ is the strong threat.} Rc6+ 94. Bc5 Kd2 95. Rh2+ Ke1 96. Rc2 Rg6 97. Kd3 {[%cal Rc2c1]} Kf1 $2 {[%mdl 8192] [#]} (97... Rg3+ $11 98. Be3 Kf1) 98. Rf2+ {White mates.} Ke1 99. Rf3 Rg4 100. Bd4 {Accuracy: White = 42%, Black = 43%.} 1-0

[Event "IM Marmaris Karia IV 2019"]
[Site "Marmaris"]
[Date "2019.01.28"]
[Round "3.1"]
[White "Ahmadzada, Ahmad"]
[Black "Rzayev, Bahruz"]
[Result "1-0"]
[WhiteElo "2337"]
[BlackElo "2359"]
[Annotator "TA"]
[PlyCount "75"]
[EventDate "2019.01.27"]
[EventType "schev"]
[EventCountry "TUR"]
[SourceTitle "playchess.com"]
[Source "ChessBase"]
[SourceQuality "1"]

{[%evp 19,75,22,30,3,31,0,61,36,27,22,39,45,37,37,56,37,38,37,79,87,100,74,87,-45,-47,-80,-22,-79,0,-213,0,0,0,0,0,0,165,162,200,183,175,123,258,257,331,325,331,354,353,321,397,385,445,439,605,588,928,282]} 1. e4 e5 2. Nf3 Nc6 3. Bb5 a6 4. Ba4 Nge7 5. c3 g6 6. d4 {C70: Ruy Lopez: 3...a6 4 Ba4, Norwegian and Delayed Schliemann} exd4 7. cxd4 b5 8. Bb3 Bg7 9. Nc3 d6 10. O-O O-O {LiveBook: 184 Games} 11. h3 Bb7 (11... Na5 12. Bc2 c5 13. dxc5 dxc5 14. Qxd8 Rxd8 {0-1 (65) Vachier Lagrave,M (2789)-Mamedyarov,S (2808) Leuven 2018}) 12. Nd5 h6 ({Black should try} 12... Nxd5 $11 13. Bxd5 Qb8) 13. Nf4 $146 Na5 14. Bc2 c5 15. d5 Nc4 16. Rb1 Qa5 17. a3 Rae8 18. Bd3 Nc8 19. Bxc4 bxc4 20. Qc2 Nb6 21. b4 (21. Bd2 $16 Qb5 22. b4) 21... Qa4 $15 22. Qa2 {Black must now prevent bxc5.} Nd7 (22... Rxe4 $17 23. bxc5 Nxd5 24. Rxb7 Nxf4 25. cxd6 Qc6) 23. Qxc4 {[#]} (23. bxc5 $11 {keeps the balance.} Nxc5 24. Rb4) 23... a5 (23... Nb6 $1 $17 {[%cal Rb6c4]} 24. Qa2 c4) 24. Bd2 $2 (24. Nd2 $11 cxb4 25. axb4) 24... Rc8 $2 ({Better is} 24... axb4 $19 25. axb4 Ba6 {[%mdl 64] Skewer}) 25. Qe2 $1 $36 {[%mdl 2048] White is pushing.} axb4 26. axb4 c4 27. Be3 Ne5 $2 (27... Nf6 $11 {and Black stays safe.}) 28. Nd4 $18 Rfe8 29. Ra1 Qd7 {[#]} 30. b5 (30. f3 $1 $18) 30... Ra8 (30... Nd3 $16) 31. Qc2 Rec8 32. Rxa8 Rxa8 33. Nc6 Ra3 34. Ne2 Bxc6 35. bxc6 ({Don't play} 35. dxc6 Nxc6 36. bxc6 Qxc6 $18) 35... Qc8 36. Nd4 {White is clearly winning.} Qa6 37. Qb1 {Threatens to win with Qb8+.} Kh7 38. Qb7 $2 {Accuracy: White = 59%, Black = 16%.} (38. Qb8 Ra5 39. c7) 1-0

[Event "IM Marmaris Karia IV 2019"]
[Site "Marmaris"]
[Date "2019.01.28"]
[Round "3.2"]
[White "Tanriverdi, Enes"]
[Black "Darban, Morteza"]
[Result "1/2-1/2"]
[WhiteElo "2283"]
[BlackElo "2333"]
[Annotator "TA"]
[PlyCount "120"]
[EventDate "2019.01.27"]
[EventType "schev"]
[EventCountry "TUR"]
[SourceTitle "playchess.com"]
[Source "ChessBase"]
[SourceQuality "1"]

{[%evp 19,120,16,28,0,0,-36,-22,-27,-29,-25,-12,-41,-5,-25,20,-89,-77,-115,-18,-13,-10,-31,-18,-20,-20,-16,52,57,195,194,203,207,207,187,202,172,191,185,169,169,197,52,56,0,0,0,0,0,15,16,28,16,62,0,140,126,1125,1106,1100,1015,752,439,1008,1008,1008,1008,1000,881,984,1000,984,764,667,187,580,572,549,0,0,0,0,0,0,0,0,0,0,0,0,0,0,0,0,0,0,0,0,0,0,0,0,0,0]} 1. d4 Nf6 2. c4 e6 3. Nf3 d5 4. Nc3 dxc4 5. e4 Bb4 6. Bxc4 {D24: Queen's Gambit Accepted: 3 Nf3 Nf6 4 Nc3} Nxe4 7. O-O Nxc3 (7... Nf6 8. Qa4+ Nc6 9. Ne5 Rb8 10. d5 exd5 11. Nxd5 Nxd5 12. Nxc6 bxc6 13. Qxc6+ Qd7 14. Bxd5 {½-½ (28) Aronian,L (2764)-Caruana,F (2822) Stavanger 2018}) 8. bxc3 Be7 9. Ne5 O-O 10. Qg4 Nc6 {LiveBook: 112 Games} 11. Re1 (11. Rb1 {is more complex.} f5 12. Nxc6 fxg4 13. Nxd8 Rxd8 14. Be2) 11... Nxe5 12. Rxe5 (12. dxe5 {looks sharper.} Kh8 13. Qe4 Rb8 14. Bd3 g6 15. Qf3) 12... Bf6 13. Bg5 $146 ({Predecessor:} 13. Bf4 Bxe5 14. dxe5 {0-1 (27) Silva Rodriguez,F (2255)-Gonzalez de la Torre,S (2452) Linares 2016}) 13... Bxg5 14. Rxg5 Qf6 15. Re1 b6 16. Re3 $1 {[%cal Re3f3] White wants to play Rf3.} Bb7 17. h4 (17. Qh4 $1 $11 {remains equal.}) 17... h6 $17 18. Bd3 Rad8 ({Not} 18... hxg5 $2 19. hxg5 Qf5 20. Bxf5 $18) (18... Rfd8 $17 19. Rh5 c5 $1 {[%mdl 512]} 20. dxc5 Rac8) 19. Rg3 $1 $11 {[%cal Rg5g7]} g6 $1 ({But not} 19... hxg5 $2 20. hxg5 Qg6 21. Bxg6 $18) 20. Rh5 Kg7 21. Re5 Kh8 {Threatens to win with ...c5!} 22. Qe2 Rd6 ({Of course not} 22... Qxh4 $6 23. Qe3 $16) (22... Rg8 $11) 23. Qe3 $1 $14 {[%cal Re3h6]} Kg7 (23... Qg7 $14) 24. h5 $18 {Strongly threatening hxg6.} g5 25. f4 $1 {[%cal Rf4g5]} Rh8 26. fxg5 hxg5 27. Rexg5+ Kf8 28. R3g4 $1 Rd5 29. Rxd5 Bxd5 30. Bg6 (30. c4 $18 Bc6 31. Rf4) 30... Ke8 $1 $14 31. c4 (31. Rf4 $14 Qg5 32. Bxf7+ {[%mdl 64] Double Attack} Kd8 33. g3) 31... fxg6 $11 32. Rxg6 Qf5 33. cxd5 {[%mdl 4096] Endgame And now Rg5 would win. KQR-KQR} Qb1+ 34. Kf2 Qxa2+ {[%mdl 64] Double Attack} 35. Kg3 Qxd5 36. h6 (36. Rg5 $1 $14 Qd6+ 37. Kh3) 36... Kd7 {[#]} (36... a5 $11 {keeps the balance.}) 37. Rg7+ $1 $16 Kc6 $2 {[%mdl 8192]} (37... Kc8 $16) 38. Qc1+ $18 Kb7 39. Qxc7+ Ka6 40. h7 Qxd4 (40... Kb5 $142 41. Qc3 Qd6+ 42. Kg4 a5 43. Rg5+ Ka4 44. Qc2+ Kb4 45. Qd2+ Ka4 46. Qd1+ Kb4 47. Qd2+ Ka4 48. Qd1+ Kb4 49. Qd2+) 41. Qxa7+ Kb5 42. Qd7+ Qxd7 43. Rxd7 {KR-KR} Kc6 44. Rf7 e5 45. Kg4 e4 46. Kf4 $2 (46. Kf5) 46... Kd5 $2 (46... Kd6 {is more resistant.} 47. Kxe4 Ke6) 47. Kf5 e3 {[#]} 48. Re7 $2 ({White has to play} 48. Kg6 $1 $18) 48... Kd6 $11 {The position is equal.} 49. Re6+ (49. Rxe3 {is interesting.} Rxh7 50. Re6+ Kc5 51. g4 Rf7+ 52. Rf6) 49... Kd5 50. Re5+ (50. g3 {feels hotter.} Rxh7 51. Rxe3 b5 52. g4 Kc4 53. Re4+) 50... Kd6 51. Rxe3 Rxh7 52. g4 Rf7+ 53. Kg6 Rb7 54. g5 b5 {[%cal Bb6b5,Bb5b4][%mdl 32]} 55. Kf6 b4 56. g6 (56. Rd3+ {seems wilder.} Kc5 57. Rd1 b3 58. g6 b2 59. g7) 56... Kc5 57. g7 Rxg7 58. Kxg7 Kc4 59. Re4+ Kc3 60. Rxb4 Kxb4 {Accuracy: White = 59%, Black = 54%.} 1/2-1/2

[Event "IM Marmaris Karia IV 2019"]
[Site "Marmaris"]
[Date "2019.01.28"]
[Round "3.3"]
[White "Hamidi, Amir Mohammad"]
[Black "Haussernot, Cecile"]
[Result "0-1"]
[WhiteElo "2221"]
[BlackElo "2157"]
[Annotator "TA"]
[PlyCount "52"]
[EventDate "2019.01.27"]
[EventType "schev"]
[EventCountry "TUR"]
[SourceTitle "playchess.com"]
[Source "ChessBase"]
[SourceQuality "1"]

{[%evp 21,52,0,7,7,13,0,0,0,0,0,60,16,34,11,118,118,106,0,0,0,117,103,282,244,235,247,217,93,134,-15,-8,-29986,-29987]} 1. d4 d5 2. c4 c6 3. Nf3 Nf6 4. Nc3 e6 5. e3 Nbd7 6. Qc2 Bd6 7. b3 O-O 8. Be2 e5 9. cxd5 cxd5 10. dxe5 Nxe5 11. O-O {[%cal Be1g1,Bg1h2,Bh2h3][%mdl 32] D45: Semi-Slav: 5 e3} Bg4 {LiveBook: 5 Games} 12. Nxe5 Bxe5 13. Bxg4 {[#] Strongly threatening Bf3.The position is equal.} Bxh2+ $146 14. Kxh2 Nxg4+ 15. Kh3 f5 (15... Qg5 $11) 16. g3 {Hoping for Ba3.} (16. Ba3 $5 {[%cal Ra3f8]} Rf6 17. g3 Rh6+ 18. Kg2 Rh2+ 19. Kg1 $16) 16... Rc8 {Black wants to play ...Qf6.} 17. Bd2 d4 (17... Qf6 $1 $11) 18. exd4 $16 Qxd4 19. Be1 ({Better is} 19. f3 $16 Ne3 20. Bxe3 Qxe3 21. Rac1) 19... Qf6 (19... Qb6 $11 {remains equal.} 20. Bd2 Nxf2+ 21. Kg2 Ne4) 20. Bd2 $1 Qd4 $1 21. f3 Nf6 $2 (21... Ne3 $16 {was necessary.} 22. Bxe3 Qxe3) 22. Be1 f4 {intending ...fxg3.} 23. Rd1 Qe5 24. g4 (24. Qe2 $18 {is more deadly.} Qh5+ 25. Kg2) 24... h5 {[#] Threatens to win with ...hxg4+.} 25. Qe2 ({White should play} 25. g5 $1 $16 {[%cal Rg5f6]} Nd5 26. Qe4 (26. Rxd5 Qxd5 27. Nxd5 Rxc2 $14) 26... Qxe4 27. Nxe4) 25... hxg4+ $11 26. fxg4 $2 {[%mdl 8192]} (26. Kg2 $11 Qf5 27. Kg1) 26... Rxc3+ {[%mdl 64] Remove Defender. Accuracy: White = 18%, Black = 46%.} 0-1

[Event "IM Marmaris Karia IV 2019"]
[Site "Marmaris"]
[Date "2019.01.28"]
[Round "3.4"]
[White "Mammadova, Narmin"]
[Black "Mammadov, Zaur"]
[Result "1-0"]
[WhiteElo "2219"]
[BlackElo "2448"]
[Annotator "TA"]
[PlyCount "91"]
[EventDate "2019.01.27"]
[EventType "schev"]
[EventCountry "TUR"]
[SourceTitle "playchess.com"]
[Source "ChessBase"]
[SourceQuality "1"]

{[%evp 19,91,-12,0,-22,-8,-24,-31,-26,-39,-27,-18,-23,0,-2,16,14,0,-11,29,0,6,14,20,-3,-7,-32,-25,-21,-20,-79,-85,-103,0,-29,-5,-10,0,0,0,0,0,-17,0,-8,0,0,0,0,0,0,0,0,41,38,75,85,433,42,432,0,397,385,352,284,226,0,50,60,29995,29996,29997,29998,29998,29999]} 1. Nf3 d5 2. c4 c6 3. g3 Nf6 4. Bg2 Bf5 5. O-O e6 6. b3 Be7 7. Bb2 h6 8. d3 Nbd7 9. Nbd2 O-O 10. Qc2 Bh7 11. Rac1 {A12: English Opening: 1...c6 with b3 by White} (11. Rfe1 Re8 12. a3 a5 13. Rac1 Bd6 14. e4 dxe4 15. Nxe4 Nxe4 16. dxe4 Qe7 17. Rcd1 Red8 18. Qc3 e5 19. Rd2 Bxa3 20. Bxa3 Qxa3 {½-½ (51) Radjabov,T (2738)-Riazantsev,A (2646) Berlin 2015}) 11... Re8 12. Qb1 a5 13. Ne5 $146 {Black is slightly better.} ({Predecessor:} 13. Rfe1 Qb6 14. cxd5 exd5 15. Qa1 a4 16. Bh3 Nc5 17. b4 Qxb4 18. Bc3 Qb6 {0-1 (37) Cuevas,A (2302)-Real de Azua,E (2416) Buenos Aires 2011}) 13... Nxe5 14. Bxe5 Nd7 15. Bb2 Bf6 16. Nf3 e5 17. cxd5 cxd5 18. e4 d4 19. Rc2 b6 20. Ne1 Rc8 21. Re2 Be7 22. f4 Bb4 23. Nf3 Bc3 24. Bc1 (24. Bh3 $11) 24... exf4 $1 $17 25. Bxf4 Nc5 (25... f5 $17 {...fxe4 is the strong threat.} 26. e5 g5) 26. Ne5 $1 $11 {[%cal Re5f7] Hoping for Nxf7!} f6 27. Nc4 Ne6 28. a4 Nxf4 29. gxf4 Rb8 30. Na3 Bg6 31. Kh1 Re7 32. Bf3 Bb4 33. Nc4 b5 34. axb5 Rxb5 35. Rg2 Bf7 36. Rfg1 Bxc4 37. dxc4 Rb8 $2 {[%mdl 8192] [#]} (37... Rb6 $16 {is a better chance.}) 38. Qd3 $2 (38. e5 $1 $18 {[%mdl 512]} fxe5 39. fxe5) 38... Qc7 $2 {[%mdl 8192]} ({Black should play} 38... Kh8 $1 $14) 39. Rg4 $2 (39. e5 $1 $18 {[%cal Re5f6]} fxe5 40. Qf5 exf4 41. Be4 Rxe4 42. Rxg7+ (42. Qxe4 Bf8 $11) 42... Qxg7 43. Rxg7+ (43. Qxe4 Qxg1+ 44. Kxg1 Rd8 $18) 43... Kxg7 44. Qxe4) 39... Bc3 $2 {[%mdl 8192] [#]} (39... Kh8 $11 {and Black stays safe.}) 40. e5 $1 $18 {[%mdl 512]} fxe5 41. Bd5+ Kh8 {[#]} 42. Qg6 $2 ({White has to play} 42. Qh3 $1 $18 {Black must now prevent Rxg7!} Qc8 43. fxe5) 42... Rb6 43. Qf5 $40 {[%mdl 128] Threatening mate with Qf8+. White attacks.} Rf6 $2 {[%mdl 8192] [#]} (43... Qd8 $14) 44. Qxf6 $1 {[%mdl 512] White mates.} gxf6 45. Rg8+ Kh7 46. Be4+ {Accuracy: White = 44%, Black = 29%.} 1-0

[Event "IM Marmaris Karia IV 2019"]
[Site "Marmaris"]
[Date "2019.01.28"]
[Round "3.5"]
[White "Alaz, Ahmet Efekan"]
[Black "Pacher, Milan"]
[Result "1/2-1/2"]
[WhiteElo "2218"]
[BlackElo "2442"]
[Annotator "TA"]
[PlyCount "61"]
[EventDate "2019.01.27"]
[EventType "schev"]
[EventCountry "TUR"]
[SourceTitle "playchess.com"]
[Source "ChessBase"]
[SourceQuality "1"]

{[%evp 12,61,27,22,54,18,23,-15,11,-6,-3,-9,0,0,0,0,32,41,50,60,49,58,48,61,72,65,91,99,93,80,122,105,99,91,96,89,114,105,125,125,127,99,99,99,99,99,99,0,100,0,94,0]} 1. d4 Nf6 2. Nf3 g6 3. Nc3 d5 4. Bf4 Bg7 5. e3 O-O 6. Be2 a6 7. Ne5 {LiveBook: 11 Games. D00: 1 d4 d5: Unusual lines} b5 8. Bf3 $146 ({Predecessor:} 8. a4 b4 9. Na2 a5 10. Nc1 Ne4 11. O-O f6 12. Ned3 Nd7 13. f3 Nd6 14. e4 dxe4 {1-0 (65) Baramidze,D (2601)-Loxine,J (2409) Germany 2017}) 8... Bb7 9. O-O {White has an edge.} Nbd7 10. Nxd7 Qxd7 11. Be5 a5 12. Ne2 {[%cal Bc3e2,Be2f4,Bf4d3,Bd3c5,Bc5b7,Bb7a5][%mdl 32]} Rfc8 13. Nf4 b4 14. Nd3 $36 {[%mdl 2048] Black is under pressure.} Ba6 15. Nc5 Qd8 16. Re1 e6 17. a3 {aiming for axb4.} bxa3 18. Rxa3 c6 19. Qd2 Bb5 20. Nb7 Qb6 21. Nxa5 Bf8 22. b4 Nd7 23. Bg3 Ra6 24. Rea1 Qa7 25. c3 Nb6 26. Be2 Ra8 27. h3 Qd7 28. R3a2 Qa7 29. Ra3 Qd7 $1 30. R3a2 Qa7 $1 31. Ra3 {Precision: White = 59%, Black = 56%.} (31. Bd3 $16) 1/2-1/2

[Event "IM Marmaris Karia IV 2019"]
[Site "Marmaris"]
[Date "2019.01.28"]
[Round "4.1"]
[White "Darban, Morteza"]
[Black "Ahmadzada, Ahmad"]
[Result "1-0"]
[WhiteElo "2333"]
[BlackElo "2337"]
[Annotator "TA"]
[PlyCount "69"]
[EventDate "2019.01.27"]
[EventType "schev"]
[EventCountry "TUR"]
[SourceTitle "playchess.com"]
[Source "ChessBase"]
[SourceQuality "1"]

{[%evp 17,69,6,14,-70,-66,-74,-73,-75,-72,-34,-27,-106,-109,-133,66,43,92,99,102,106,113,102,191,204,166,155,187,181,342,327,331,328,314,327,388,388,410,340,406,406,399,399,399,399,385,385,385,385,385,383,485,485,473,470]} 1. e4 e5 2. Nf3 Nc6 3. Bb5 a6 4. Ba4 Nf6 5. Qe2 Be7 6. O-O b5 7. Bb3 O-O 8. c3 d5 9. d3 Be6 {[%cal Bc8e6,Be6f5,Bf5d3][%mdl 32] LiveBook: 21 Games. C86: Closed Ruy Lopez: Worrall Attack} (9... Re8 10. Rd1 Be6 11. Nbd2 h6 12. Nf1 Bf8 13. Ng3 d4 14. Bxe6 Rxe6 15. Nf5 Ne8 16. a4 Rb8 17. axb5 axb5 {0-1 (66) Bacrot,E (2725)-Aronian,L (2805) Riadh 2017}) 10. Nxe5 $146 (10. Bg5 $11) ({Predecessor:} 10. Rd1 Re8 11. Nbd2 h6 12. Nf1 Bd6 13. Ng3 Ne7 14. d4 dxe4 15. Nxe5 Bxb3 16. axb3 Ng6 17. Nxg6 fxg6 {1-0 (46) Adams,M (2694)-Gustafsson,J (2627) Caleta 2010}) 10... Nxe5 $15 11. exd5 Bf5 $1 {Black is better.} ({Reject} 11... Bxd5 12. Qxe5 Re8 13. Qe2 $11) 12. Qxe5 Bxd3 13. Rd1 Bc5 {[%mdl 1024] aiming for ...Ng4. Black has compensation.} 14. Be3 {[#]} ({Not} 14. Rxd3 $2 Re8 $19) (14. Bg5 $1 $11 {remains equal.}) 14... Re8 $1 $17 {[%cal Re8e5]} 15. Qg3 {[#]} Ne4 $2 (15... Be2 $1 $17 16. Re1 Ne4) 16. Qf3 $1 $36 {[%mdl 2048] White has the initiative.} Be2 17. Qxe2 Nxf2 18. Rd4 $1 Bxd4 19. cxd4 Ng4 (19... Nh3+ $16 20. gxh3 Qe7) 20. Qxg4 $18 Rxe3 21. Nd2 {Black must now prevent Rf1.} Qd6 22. Nf1 f5 $2 (22... Re7 23. Ng3 Qg6) 23. Qg5 ({Don't play} 23. Qxf5 Re7 $18) 23... Rxb3 24. axb3 Qxd5 25. Qe3 f4 26. Qxf4 Qxb3 27. Qd2 Rd8 28. Rxa6 Qc4 29. Ne3 Qxd4 30. Qxd4 Rxd4 {KRN-KR} 31. Ra8+ Kf7 32. Ra7 Rd7 33. Rb7 Rd3 34. Rxc7+ Kg6 35. Rc3 {Precision: White = 73%, Black = 38%.} 1-0

[Event "IM Marmaris Karia IV 2019"]
[Site "Marmaris"]
[Date "2019.01.28"]
[Round "4.2"]
[White "Haussernot, Cecile"]
[Black "Tanriverdi, Enes"]
[Result "0-1"]
[WhiteElo "2157"]
[BlackElo "2283"]
[Annotator "TA"]
[PlyCount "78"]
[EventDate "2019.01.27"]
[EventType "schev"]
[EventCountry "TUR"]
[SourceTitle "playchess.com"]
[Source "ChessBase"]
[SourceQuality "1"]

{[%evp 14,78,19,20,19,18,27,27,27,22,31,30,39,31,35,26,34,-27,-21,-43,0,-65,15,0,-7,0,0,-143,-149,-201,-188,-177,-180,-191,-185,-310,-267,-378,-376,-364,-364,-379,-396,-395,-389,-385,-386,-361,-372,-341,-365,-333,-322,-390,-385,-418,-402,-387,-379,-587,-586,-578,-578,-578,-571,-535,-356]} 1. e4 c5 2. Nf3 e6 3. d4 cxd4 4. Nxd4 Nc6 5. Nc3 Qc7 6. Be3 a6 7. a3 b5 8. Nxc6 dxc6 {B48: Sicilian: Taimanov: 5 Nc3 Qc7 6 Be3 a6 without Be2} 9. Qg4 Nf6 10. Qg3 Qxg3 {White has an edge.} 11. hxg3 e5 12. f3 Nd7 $146 ({Predecessor:} 12... Be6 13. a4 Rc8 14. axb5 axb5 15. g4 Nd7 16. g5 {1-0 (49) Grischuk,A (2772)-Harikrishna,P (2744) Huaian 2017}) 13. a4 {[%cal Ra4b5]} Bb7 14. Kf2 Bc5 15. f4 (15. Be2 $14) 15... O-O-O $11 16. Bd3 {[%cal Ra4b5]} b4 17. Na2 ({White should play} 17. Nb1 $11) 17... Be7 (17... exf4 $15 18. gxf4 Bxe3+ 19. Kxe3 c5) 18. a5 c5 {[%cal Bc6c5,Bc5c4][%mdl 32]} 19. Nc1 $1 Nf6 {White must now prevent ...c4.} 20. Kf3 {[#]} (20. Nb3 $1 $11) 20... c4 $1 {[%mdl 512]} 21. fxe5 (21. Bxc4 $17 exf4 22. gxf4) 21... Nd7 $36 {[%mdl 2048] Black is on the roll.} ({Not} 21... cxd3 22. exf6 d2 23. Bxd2 $11 (23. fxe7 d1=Q+ 24. Rxd1 Rxd1 $15) (23. fxg7 dxc1=Q 24. Raxc1 Rhg8 $17)) 22. Be2 Nxe5+ 23. Kf2 Bxe4 24. b3 (24. c3 {might work better.}) 24... Bxc2 25. bxc4 (25. Ra2 {was forced.} cxb3 26. Rb2) 25... b3 26. Nxb3 Bxb3 27. Rhb1 Bc2 28. Rb6 Rd6 29. Rxd6 Bxd6 30. c5 Be7 31. Bxa6+ Kc7 32. Be2 Be4 33. Ra4 Bc6 34. Rb4 Rb8 35. Rb6 g5 36. a6 {[#]} (36. Bd4 $142 Nd7 37. Rxb8 Kxb8 38. Bh5) 36... Bxc5 $1 {[%mdl 512] Black is clearly winning.} 37. Rxb8 (37. Bxc5 Rxb6) 37... Bxe3+ 38. Kxe3 Kxb8 39. Kd4 Nd7 {Accuracy: White = 54%, Black = 73%.} 0-1